Top 10 Colombian Football Transfer Records - Statistics

General Stats
  • This quiz has been taken 193 times
    45 since last reset
  • The average score is 9 of 10
Answer Stats
Rank Name Joined Left Season Fee % Correct
2 James Rodríguez Real Madrid AS Monaco 14/15 €75.00m
100%
5 James Rodríguez AS Monaco FC Porto 13/14 €45.00m
100%
3 Luis Díaz Bayern Munich Liverpool FC 25/26 €70.00m
100%
4 Luis Díaz Liverpool FC FC Porto 21/22 €49.00m
100%
1 Jhon Durán Al-Nassr FC Aston Villa 24/25 €77.00m
88%
6 Radamel Falcao AS Monaco Atlético de Madrid 13/14 €43.00m
88%
9 Radamel Falcao Atlético de Madrid FC Porto 11/12 €40.00m
88%
7 Davinson Sánchez Tottenham Hotspur Ajax Amsterdam 17/18 €42.00m
86%
8 Jackson Martínez Guangzhou FC Atlético de Madrid 15/16 €42.00m
67%
10 Jackson Martínez Atlético de Madrid FC Porto 15/16 €35.00m
67%
No matching quizzes found
Score Distribution
Percent of People with Each Score
Percentile by Number Answered
Your Score History
You have not taken this quiz since the last reset